000 00690nam a2200205Ia 4500
005 20260121110245.0
008 008 260114s9999 xx 000 0 hin d
020 _a9788132302308
037 _aEBOOK
040 _aCRL
_bhin
_cCRL
041 _ahin
_2hin
084 _qCRL
100 _aमाला शर्मा / Mala Sharma
_9943967
245 0 _aदलित पुरोधा: फूले से मायावती तक / Dalit Purodha: Phule Se Mayawati Tak
260 _bभाषा प्रकाशन / Bhasha Prakashan
_c2020
856 _uhttps://bhashaprakashan.com/product-details/377914
942 _cEBOOK
999 _c1535632
_d1535632